000 00537nam a2200157 4500
001 109698
003 ES-MaACL
005 20230906184906.0
007 t|
008 061121s1950 sp r ||||1| spa d
100 1 _aMuntadas Rovira, Vicente.
_984235
245 1 0 _aSobre participación de los trabajadores en los beneficios y dirección de las empresas
_b: Opinión de un patrono católico /
_cVicente Muntadas Rovira.
260 _aBarcelona :
_bAriel,
_c1950.
300 _a71 p. ;
_c27 cm.
852 _aES-MaACL
_j1913-F-14
_bR.29894
999 _c109698
_d109698